| 000 | 00476nam a2200169Ia 4500 | ||
|---|---|---|---|
| 005 | 20250424120238.0 | ||
| 008 | 250424s9999 xx 000 0 und d | ||
| 022 | _a01892924 | ||
| 050 | _aHF 5616 .N59 G56/ | ||
| 245 | 0 | _aGlobal journal of accounting | |
| 260 | _aAkoka-Yaba, Lagos State. | ||
| 260 | _bDepartment of Accounting, University of Lagos. | ||
| 260 | _c2013 | ||
| 300 | _av, 184 p. : ill ; 28 cm. | ||
| 650 | _aAccounting--Nigeria--Periodicals. | ||
| 942 | _cSR | ||
| 999 |
_c38212 _d38212 |
||